La otra orilla: Introducción al terror japonés moderno en cine, manga y animé.
Furkejuvvon:
| Váldodahkki: | |
|---|---|
| Materiálatiipa: | Girji |
| Almmustuhtton: |
Santiago, Chile:
Ediciones Zero,
2021.
|
| Preanttus: | Primera edición. |
| Fáttát: | |
| Fáddágilkorat: |
Lasit fáddágilkoriid
Eai fáddágilkorat, Lasit vuosttaš fáddágilkora!
|
MARC
| LEADER | 00000nam a22000007a 4500 | ||
|---|---|---|---|
| 003 | CL-VaPUC | ||
| 005 | 20250321101916.0 | ||
| 008 | 250113t2021 ||||| |||| 00| 0 eng d | ||
| 999 | |c 446446 |d 446444 | ||
| 020 | |a 978-956-09173-6-2 | ||
| 040 | |c Pontificia Universidad Católica de Valparaíso | ||
| 082 | |a 791.43752 VEG 2021 | ||
| 100 | |9 895253 |a Vega Tapia, Javiera |e autora | ||
| 245 | |a La otra orilla: |b Introducción al terror japonés moderno en cine, manga y animé. | ||
| 250 | |a Primera edición. | ||
| 260 | |a Santiago, Chile: |b Ediciones Zero, |c 2021. | ||
| 300 | |a 132 páginas. | ||
| 500 | |a c.1 Instituto Arcos.08-01-2025. | ||
| 583 | |c 20250113 |k Gabriela Rodríguez Cuevas | ||
| 650 | 0 | |9 563345 |a Cine japonés |x Terror | |
| 650 | 0 | |9 615783 |a Animaciones japonesas |x Terror | |
| 650 | 0 | |9 605607 |a Novelas japonesas |x Mangas |x Terror | |
| 650 | 0 | |9 336870 |a Artes visuales |z Japón | |
| 942 | |2 ddc |c BK |n 0 | ||
| 952 | |0 0 |1 0 |2 ddc |4 0 |6 791_437520000000000_VEG_2021 |7 0 |9 599153 |a BIBINC |b BIBINC |c GEN |d 2025-01-13 |e Instituto Arcos |i 5664089 |l 1 |m 2 |o 791.43752 VEG 2021 |p 5664089 |r 2025-05-02 |s 2025-04-15 |t 1 |w 2025-01-13 |y BK |k IFP | ||